000 00427nam a22001817a 4500
003 CEME
005 20210628210400.0
008 210216b xxu||||| |||| 00| 0 eng d
020 _a969-0-00833-1
040 _c.
082 _a891.4393 JAM
100 _aJamila Hashmi
_979152
245 _aTalash baharan
260 _aLAHORE
_bFEROZE SONS
_c1988
300 _a414P
650 _aURDU ADAB-NOVEL
_920918
942 _cBK
_2ddc
999 _c584214
_d584214